02255cam a2200325 a 45000010009000000050017000090080041000260100017000670200031000840400018001150430012001330500020001450820022001651000036001872450125002232600036003483000026003844900050004105000020004605040066004805050894005466100027014406500024014676500073014918560083015648560091016479420012017389990017017509520162017671442064220091014093757.0060620s2007 nyu b 001 0 eng  a 2006020390 a9780415543590 (alk. paper) aDLCcDLCdDLC ae------00aJN30b.S76 200700a341.2422222bSTE1 aStetter, Stephan,d1972-91172010aEU foreign and interior policies :bcross-pillar politics and the social construction of sovereignty /cStephan Stetter. aNew York :bRoutledge,cc.2007. axxi, 238 p. ;c24 cm.0 aRoutledge advances in European politics ;v43 aIncludes Index. aIncludes bibliographical references (p. [209]-233) and index.0 aTheoretical framework : addressing the functional dynamics in the integration of foreign and interior policies at the EU level -- The construction of an EU insider/outsider distinction -- The institutional and substantive dynamics of cross-pillarization -- Authority delegation to supranational actors : primary capabilities -- Authority delegation in between treaty reforms : the secondary capabilities of supranational actors -- Substantive cross-pillar linkages in foreign and interior affairs : the cases of EU Middle East and migration policies -- Policy-making in cross-pillar settings : actor preferences and policy-making dynamics -- The divergent policy preferences of supranational actors in foreign and interior policies : tackling the myth of supranational unity -- Patterns of policy-making in EU foreign and interior policies : executive dominance and co-ordination problems.20aEuropean Union.911721 0aSovereignty.911722 0aCentral-local government relationszEuropean Union countries.911723413Table of contents onlyuhttp://www.loc.gov/catdir/toc/ecip0616/2006020390.html423Publisher descriptionuhttp://www.loc.gov/catdir/enhancements/fy0731/2006020390-d.html 2ddccBB c13471d13471 00102ddc40708MERICaMAINbMAINc1STd2010-02-23epurchaseg187.70h10029l4m23o341.2422 STEp000019919q2022-09-18r2022-07-28 00:00:00s2022-07-28yBB